000 00491nam a2200157 i 4500
001 84805
003 ES-MaACL
005 20230906175118.0
007 t|
008 041124s1960 sp ||||1| spa d
100 1 _aJorge Aragoneses, Manuel.
_966952
245 1 0 _aArtes industriales cartageneras
_b: lozas del siglo XIX /
_cpor Manuel Jorge Aragoneses.
260 _aCartagena :
_b[s.n.,
_c1960] (
_fLa Moderna)
300 _a536 p., 78 lám. ;
_c28 cm.
852 _aES-MaACL
_jE-130
_bR.48899
999 _c84805
_d84805